The Victoria history of the county of Warwick / (Record no. 29011)
[ view plain ]
| 000 -LEADER | |
|---|---|
| fixed length control field | 02339nam a2200397 a 4500 |
| 001 - CONTROL NUMBER | |
| control field | 29011 |
| 003 - CONTROL NUMBER IDENTIFIER | |
| rucl marc code | BD-RjUL |
| 005 - DATE AND TIME OF LATEST TRANSACTION | |
| control field | 20211209051347.0 |
| 008 - FIXED-LENGTH DATA ELEMENTS--GENERAL INFORMATION | |
| fixed length control field | 140402s1949 enkabei b 000 0 eng d |
| 035 ## - SYSTEM CONTROL NUMBER | |
| System control number | (BD-RjUL)29096 |
| 040 ## - CATALOGING SOURCE | |
| Original cataloging agency | DLC |
| Transcribing agency | OCl |
| Modifying agency | OCl |
| -- | TU |
| -- | BD-RjUL |
| Language of cataloging | eng |
| 041 ## - LANGUAGE CODE | |
| Language code of text/sound track or separate title | eng |
| 082 ## - DEWEY DECIMAL CLASSIFICATION NUMBER | |
| Classification number | 942.6 |
| Author mark and year | VIC V-5 1949 |
| 245 04 - TITLE STATEMENT | |
| Title | The Victoria history of the county of Warwick / |
| Number of part/section of a work | VOLUME FIVE. |
| Name of part/section of a work | KINGTON HUNDRED / |
| Statement of responsibility, etc. | edited by L.F. Salzman |
| 246 3# - VARYING FORM OF TITLE | |
| Title proper/short title | History of Warwickshire. |
| Title proper/short title | History of the county of Warwick |
| 260 ## - PUBLICATION, DISTRIBUTION, ETC. (IMPRINT) | |
| Place of publication, distribution, etc. | London : |
| Name of publisher, distributor, etc. | Archibald Constable ; |
| -- | Published for the University of London Institute of Historical Research by the Oxford University Press, |
| Date of publication, distribution, etc. | 1949. |
| 300 ## - PHYSICAL DESCRIPTION | |
| Pagination | xiii 224 p. : |
| Illustrations | ill. ; |
| Size | 32 cm. |
| 490 1# - SERIES STATEMENT | |
| Series statement | Victoria history of the counties of England |
| 500 ## - GENERAL NOTE | |
| General note | "A history of Warwickshire in four volumes edited by H. Arthur Doubleday and William Page"--v.1 prelim. |
| 505 0# - FORMATTED CONTENTS NOTE | |
| Formatted contents note | V. 1. Natural history, early man, Romano-British & Anglo-Saxon remains, Domesday survey, ancient earthworks -- v. 2. Ecclesiastical history, religious houses, social & economic history, industries, schools, sport, political history / edited by William Page -- v. 3. Barlichway hundred, Borough of Stratford-upon-Avon / edited by Philip Styles -- v. 4. Hemlingford hundred / edited by L.F. Salzman -- v. 5. Kington hundred / edited by L.F. Salzman -- v. 6. Knightlow hundred / edited by L.F. Salzman -- v. 7. City of Birmingham / edited by W.B. Stephens -- v. 8. City of Coventry, borough of Warwick / edited by W.B. Stephens -- Index to vols. 1-6 / edited by R.B. Pugh. |
| 650 #0 - SUBJECT ADDED ENTRY--TOPICAL TERM | |
| Topical term or geographic name as entry element | Natural history |
| Geographic subdivision | England |
| -- | Warwickshire. |
| 9 (RLIN) | 88553 |
| 651 #0 - SUBJECT ADDED ENTRY--GEOGRAPHIC NAME | |
| Geographic name | Warwickshire (England) |
| General subdivision | History. |
| 9 (RLIN) | 88554 |
| Geographic name | Warwickshire (England) |
| General subdivision | Antiquities. |
| 9 (RLIN) | 88555 |
| 700 1# - ADDED ENTRY--PERSONAL NAME | |
| Personal name | Doubleday, H. Arthur |
| Fuller form of name | (Herbert Arthur), |
| Dates associated with a name | 1867-1941. |
| Personal name | Page, William, |
| Dates associated with a name | 1861-1934. |
| Personal name | Styles, Philip. |
| Personal name | Salzman, L. F. |
| Fuller form of name | (Louis Francis), |
| Dates associated with a name | 1878-1971 |
| Personal name | Stephens, W. B. |
| Personal name | Pugh, R. B. |
| Fuller form of name | (Ralph Bernard), |
| Dates associated with a name | 1910-1982 |
| 710 2# - ADDED ENTRY--CORPORATE NAME | |
| Corporate name or jurisdiction name as entry element | University of London. |
| Subordinate unit | Institute of Historical Research. |
| 9 (RLIN) | 4277 |
| 830 #0 - SERIES ADDED ENTRY--UNIFORM TITLE | |
| Uniform title | Victoria history of the counties of England. |
| 942 ## - ADDED ENTRY ELEMENTS (KOHA) | |
| Source of classification or shelving scheme | Dewey Decimal Classification |
| Koha item type | Books |
| Lost status | Source of classification or shelving scheme | Damaged status | Not for loan | Collection code | Permanent Location | Current Location | Shelving location | Date acquired | Source of acquisition | Cost, normal purchase price | Total Checkouts | Full call number | Date last seen | Copy number | Koha item type |
|---|---|---|---|---|---|---|---|---|---|---|---|---|---|---|---|
| Dewey Decimal Classification | Added to bundle | Non-fiction | Central Library, University of Rajshahi | Central Library, University of Rajshahi | Reading Room | 27/06/1955 | O. U. P | 35.70 | 942.6 VIC V-5 1949 | 02/04/2014 | C-1 | Books |